| 000 | 01063nam a2200217Ia 4500 | ||
|---|---|---|---|
| 003 | OSt | ||
| 005 | 20241010090855.0 | ||
| 007 | ca aa aaaaa | ||
| 008 | 201103s9999 xx 000 0 und d | ||
| 040 | _cSSBUL | ||
| 041 | _abur | ||
| 082 |
_223 _a၂၉၄.၃၄၃၅၀၉ _bS-SAT |
||
| 100 | 0 | _aဖိုးကျား၊ ဦး၊ အမျိုးသားပညာဝန် | |
| 245 | 1 | 0 |
_aအလောင်းတော်ကဿပ (ကိုယ်တွေ့ဝတ္ထုများနံပါတ်-၆) / _cအမျိုးသားပညာဝန်ဦးဖိုးကျား။ |
| 250 | _a ဒုတိယအကြိမ်။ | ||
| 260 |
_aရန်ကုန် ၊ _bတောင်တန်းပုံနှိပ်တိုက်၊ _c၁၉၇၃။ |
||
| 300 |
_a၁၀၇ စာမျက်နှာ ၊ _bပုံများ ၊ _c၁၈ စင်တီ။ |
||
| 500 | _aS-SAT: Dr. Sai Aung Tun | ||
| 650 |
_aအလောင်းတော််ကဿပဘုရား _vသမိုင်း _954993 |
||
| 942 |
_2ddc _cBK1 |
||
| 999 |
_c16869 _d16869 |
||